00425nam a2200157Ia 4500008004100000041000800041082001100049100002800060245008600088250000800174260002300182300000900205542001500214551002700229650001100256220531s9999 xx 000 0 und d aeng a-bDHU aDhumal, K. N. &. Others aTaxonomy Of Angiosperms, Plant Community And Plant Physiology (botany Paper-i&ii) a1ST aPunebNiralic2014 a9.12 d03-07-2014 aSciencebNon-grant-SCI aBotany